000 004930000a22001930004500
001 001221
003 MACL
005 20151016142115.0
008 151016b xxu||||| |||| 00| 0 eng d
040 _aMACL
_cMACL
041 _aEnglish
082 _a920/BAG
100 _aBagchi, Moni
_915323
245 _aSwami Abhedananda
_bA Spiritual Biography
_cMoni Bagchi
260 _aCalcutta
_c1997
_bRamakrishna Vedeanta Math,
350 _a160
650 _aBiography
_915324
942 _k920
_cBK
_2ddc
999 _c1216
_d1216